Online katalóg knižníc regiónu Turca

Spievame vianočné koledy (Record no. 21558)

MARC details
000 -LEADER
fixed length control field 01600ncm a2200505 4500
001 - CONTROL NUMBER
control field 21558
003 - CONTROL NUMBER IDENTIFIER
control field VRT
005 - DATE AND TIME OF LATEST TRANSACTION
control field 20260305084432.0
007 - PHYSICAL DESCRIPTION FIXED FIELD--GENERAL INFORMATION
fixed length control field qu
008 - FIXED-LENGTH DATA ELEMENTS--GENERAL INFORMATION
fixed length control field 210903s2001 xr sgg b b slo d
020 ## - INTERNATIONAL STANDARD BOOK NUMBER
International Standard Book Number 807186594X (brožované)
Canceled/invalid ISBN 9788071865940
040 ## - CATALOGING SOURCE
Original cataloging agency SVKBB
Language of cataloging slo
Transcribing agency SVKBB
Description conventions AACR2
041 0# - LANGUAGE CODE
Language code of text/sound track or separate title slo
044 ## - COUNTRY OF PUBLISHING/PRODUCING ENTITY CODE
MARC country code xr
ISO country code CZ
048 ## - NUMBER OF MUSICAL INSTRUMENTS OR VOICES CODE
Performer or ensemble vn
072 #7 - SUBJECT CATEGORY CODE
Subject category code 784
Subject category code subdivision Vokálna hudba
Source konspekt
072 #7 - SUBJECT CATEGORY CODE
Subject category code 783
Subject category code subdivision Cirkevná hudba. Duchovná hudba. Náboženská hudba
Source konspekt
080 ## - UNIVERSAL DECIMAL CLASSIFICATION NUMBER
Universal Decimal Classification number 784.67
Edition identifier 2011
080 ## - UNIVERSAL DECIMAL CLASSIFICATION NUMBER
Universal Decimal Classification number (0:82-192)
Edition identifier 2011
080 ## - UNIVERSAL DECIMAL CLASSIFICATION NUMBER
Universal Decimal Classification number (0.053.2)
Edition identifier 2011
080 ## - UNIVERSAL DECIMAL CLASSIFICATION NUMBER
Universal Decimal Classification number 783.65
Edition identifier 2011
080 ## - UNIVERSAL DECIMAL CLASSIFICATION NUMBER
Universal Decimal Classification number 784.67:784.9
Edition identifier 2011
084 ## - OTHER CLASSIFICATION NUMBER
Classification number 2.1.2
Number source snlmc
245 00 - TITLE STATEMENT
Title Spievame vianočné koledy
Medium hudobnina
Statement of responsibility, etc. ilustrácie Gisela Gottschlichová ; zostavila Eva Krekovičová
250 ## - EDITION STATEMENT
Edition statement Štvrté vydanie
260 ## - PUBLICATION, DISTRIBUTION, ETC.
Place of publication, distribution, etc. V Prahe
Name of publisher, distributor, etc. Egmont
Date of publication, distribution, etc. 2001
300 ## - PHYSICAL DESCRIPTION
Extent 1 spevník [36 s.]
Other physical details ilustr.
Dimensions 22 cm
382 ## - MEDIUM OF PERFORMANCE
Medium of performance spev
650 07 - SUBJECT ADDED ENTRY--TOPICAL TERM
Topical term or geographic name entry element vokálna hudba
Source of heading or term SNKPH
650 07 - SUBJECT ADDED ENTRY--TOPICAL TERM
Topical term or geographic name entry element vianočné koledy
Source of heading or term SNKPH
650 07 - SUBJECT ADDED ENTRY--TOPICAL TERM
Topical term or geographic name entry element koledy (spev)
Source of heading or term SNKPH
650 07 - SUBJECT ADDED ENTRY--TOPICAL TERM
Topical term or geographic name entry element Vocal music
Source of heading or term SNKPHeng
650 07 - SUBJECT ADDED ENTRY--TOPICAL TERM
Topical term or geographic name entry element Christmas carols
Source of heading or term SNKPHeng
650 07 - SUBJECT ADDED ENTRY--TOPICAL TERM
Topical term or geographic name entry element Carols (voice)
Source of heading or term SNKPHeng
655 #7 - INDEX TERM--GENRE/FORM
Genre/form data or focus term publikácie pre deti
Source of term SNKPH
655 #7 - INDEX TERM--GENRE/FORM
Genre/form data or focus term spevníky
Source of term SNKPH
655 #7 - INDEX TERM--GENRE/FORM
Genre/form data or focus term Publications for children
Source of term SNKPHeng
655 #7 - INDEX TERM--GENRE/FORM
Genre/form data or focus term Songbooks
Source of term SNKPHeng
700 1# - ADDED ENTRY--PERSONAL NAME
Personal name Krekovičová, Eva,
Dates associated with a name 1949-
Relationship com
700 1# - ADDED ENTRY--PERSONAL NAME
Personal name Gottschlich, Gisela
Relationship ill
752 ## - ADDED ENTRY--HIERARCHICAL PLACE NAME
Country or larger entity Česko
City Praha
942 ## - ADDED ENTRY ELEMENTS (KOHA)
Source of classification or shelving scheme Dewey Decimal Classification
Koha item type Krásna literatúra pre deti
Suppress in OPAC No
949 ## - LOCAL PROCESSING INFORMATION (OCLC)
6 270001000618364
a svkbbH2 1778
b svkbbh 13056
Holdings
Stav vyradenia Strata Poškodenie Spôsob nadobudnutia Domovská knižnica Aktuálna knižnica Dátum nadobudnutia Total checkouts Čiarový kód exemplára Date last seen Typ exemplára
      Dar Obecná knižnica Turčianska Štiavnička Obecná knižnica Turčianska Štiavnička 05.03.2026   4738000238 05.03.2026 Krásna literatúra pre deti
Projekt je podporený Slovenskou asociáciou knižníc
Prevádzkuje Turčianska knižnica Martin 2026